[Event "29th Rilton Cup"]
[Site "Stockholm SWE"]
[Date "2000.01.03"]
[Round "7"]
[White "Azizi, Haroon"]
[Black "Gratka, Krzysztof"]
[Result "0-1"]
[WhiteElo "2150"]
[BlackElo "2373"]
[EventDate "1999.12.27"]
[PlyCount "98"]

1.Nf3 Nf6 2.g3 g6 3.Bg2 Bg7 4.O-O O-O 5.d3 d6 6.e4 c5 7.Nbd2 Nc6 8.Re1 Rb8
9.a4 a6 10.c3 e5 11.Nf1 Re8 12.Be3 h6 13.Qd2 Kh7 14.h3 b6 15.g4 d5 16.g5 
hxg5 17.Nxg5+ Kg8 18.Qc2 Bb7 19.Rad1 d4 20.cxd4 cxd4 21.Qc4 Rf8 22.Bd2 Nh5
23.Nh2 a5 24.Ng4 Qe7 25.Kh1 Bf6 26.Nf3 Rfd8 27.Nxf6+ Nxf6 28.Bg5 Kg7 29.
Qb5 Re8 30.Kg1 Qd6 31.Nd2 Na7 32.Qb3 Ba6 33.Rc1 Nc6 34.f4 Nb4 35.fxe5 Rxe5
36.Nf3 Nd7 37.Rcd1 Ree8 38.e5 Nxe5 39.Rf1 Nd7 40.Nh2 f5 41.Bf4 Qf6 42.Ng4 
Qe7 43.Nf2 Nc5 44.Qa3 Rbd8 45.h4 Qxh4 46.Nh3 Re2 47.Bc7 Rde8 48.Nf4 Qg4 
49.Bxb6 Bb7 0-1

[Event "29th Rilton Cup"]
[Site "Stockholm SWE"]
[Date "2000.01.04"]
[Round "8"]
[White "Ivanov, Sergei"]
[Black "Matros, Alexander"]
[Result "1/2-1/2"]
[WhiteElo "2538"]
[BlackElo "2391"]
[EventDate "1999.12.27"]
[PlyCount "41"]

1.d4 d5 2.c4 e6 3.Nf3 Nf6 4.Nc3 Bb4 5.Bg5 h6 6.Bxf6 Qxf6 7.e3 c5 8.Rc1 
dxc4 9.Bxc4 cxd4 10.Nxd4 O-O 11.O-O Bd7 12.Qb3 Nc6 13.Nxc6 Bxc3 14.Nxa7 
Bxb2 15.Rcd1 Be8 16.Qxb7 Ba4 17.Bb3 Rfb8 18.Qc7 Be5 19.Qc5 Bxb3 20.axb3 
Rxb3 21.Nc6 1/2-1/2

[Event "29th Rilton Cup"]
[Site "Stockholm SWE"]
[Date "2000.01.04"]
[Round "8"]
[White "Galkin, Alexander"]
[Black "Ulybin, Mikhail"]
[Result "1/2-1/2"]
[WhiteElo "2535"]
[BlackElo "2569"]
[EventDate "1999.12.27"]
[PlyCount "28"]

1.e4 e6 2.d4 d5 3.Nc3 Nf6 4.Bg5 Be7 5.e5 Nfd7 6.Bxe7 Qxe7 7.f4 O-O 8.Nf3 
c5 9.dxc5 Nc6 10.Bd3 f6 11.exf6 Qxf6 12.g3 Nxc5 13.O-O Bd7 14.Qd2 Rad8 
1/2-1/2

[Event "29th Rilton Cup"]
[Site "Stockholm SWE"]
[Date "2000.01.04"]
[Round "8"]
[White "Nataf, Igor-Alexandre"]
[Black "Yakovich, Yury"]
[Result "1/2-1/2"]
[WhiteElo "2504"]
[BlackElo "2592"]
[EventDate "1999.12.27"]
[PlyCount "47"]

1.e4 c5 2.Nf3 e6 3.d4 cxd4 4.Nxd4 Qb6 5.Nb3 Qc7 6.Nc3 a6 7.Bd3 Nf6 8.O-O 
d6 9.f4 Nbd7 10.Qf3 b5 11.a3 Bb7 12.Be3 g6 13.Rae1 Bg7 14.Kh1 O-O 15.Qh3 
Rae8 16.Qh4 Qb8 17.Kg1 Qa8 18.Bd2 d5 19.e5 Ne4 20.Bxe4 dxe4 21.Be3 f6 22.
Nc5 Rf7 23.Nxd7 Rxd7 24.Rd1 1/2-1/2

[Event "29th Rilton Cup"]
[Site "Stockholm SWE"]
[Date "2000.01.04"]
[Round "8"]
[White "Meijers, Viesturs"]
[Black "Oral, Tomas"]
[Result "1/2-1/2"]
[WhiteElo "2472"]
[BlackElo "2541"]
[EventDate "1999.12.27"]
[PlyCount "109"]

1.e4 c5 2.Nf3 Nc6 3.d4 cxd4 4.Nxd4 Qc7 5.Nc3 e6 6.Be2 a6 7.a4 Nf6 8.O-O 
Be7 9.Be3 O-O 10.f4 d6 11.Qe1 Nxd4 12.Bxd4 e5 13.Be3 exf4 14.Rxf4 Be6 15.
Rd1 Nd7 16.Qg3 Bf6 17.Rf2 Be5 18.Bf4 Qb6 19.Bxe5 Nxe5 20.Nd5 Bxd5 21.Rxd5 
Qxb2 22.Rxd6 Rad8 23.Rd5 Rxd5 24.exd5 Qa1+ 25.Rf1 Qd4+ 26.Kh1 Qxd5 27.Rd1 
Qe4 28.Re1 Qd4 29.c3 Qd2 30.Bxa6 Nf3 31.gxf3 bxa6 32.Qe5 g6 33.Qe3 Qc2 34.
Qd4 h5 35.Kg1 Rc8 36.h4 Rb8 37.a5 Kh7 38.Qa7 Qb3 39.Kf2 Rc8 40.Re3 Rc6 41.
Qd4 Qb8 42.Re7 Kg8 43.Kg2 Rc8 44.c4 Rd8 45.Rd7 Rxd7 46.Qxd7 Qb2+ 47.Kh3 
Qf2 48.Qd5 Kg7 49.c5 Qf1+ 50.Kg3 Qe1+ 51.Kg2 Qe2+ 52.Kg3 Qe1+ 53.Kg2 Qe2+ 
54.Kg3 Qe1+ 55.Kg2 1/2-1/2

[Event "29th Rilton Cup"]
[Site "Stockholm SWE"]
[Date "2000.01.04"]
[Round "8"]
[White "Radziewicz, Iweta"]
[Black "Aakesson, Ralf"]
[Result "1/2-1/2"]
[WhiteElo "2395"]
[BlackElo "2535"]
[EventDate "1999.12.27"]
[PlyCount "73"]

1.d4 Nf6 2.Nf3 g6 3.c4 Bg7 4.Nc3 d5 5.Qb3 dxc4 6.Qxc4 O-O 7.e4 Na6 8.Be2 
c5 9.d5 e6 10.O-O exd5 11.Nxd5 Nxd5 12.exd5 Re8 13.Bg5 Qb6 14.Rab1 Bf5 15.
Bd3 Bd7 16.Be3 Rac8 17.a3 Qd6 18.Bf4 Qf8 19.Qb3 c4 20.Bxc4 Nc5 21.Qa2 b5 
22.Bb3 Bf5 23.Rbe1 Red8 24.d6 Bd3 25.Bg5 Nxb3 26.Be7 Qe8 27.Qxb3 Bxf1 28.
Bxd8 Qxd8 29.Kxf1 Qxd6 30.Qxb5 Rc2 31.Re8+ Bf8 32.g3 Kg7 33.Kg2 Qc5 34.Qf1
Rxb2 35.a4 Qc2 36.Qe1 Qc5 37.Re2 1/2-1/2

[Event "29th Rilton Cup"]
[Site "Stockholm SWE"]
[Date "2000.01.04"]
[Round "8"]
[White "Berg, Emanuel"]
[Black "Hector, Jonny"]
[Result "0-1"]
[WhiteElo "2348"]
[BlackElo "2505"]
[EventDate "1999.12.27"]
[PlyCount "80"]

1.e4 e5 2.Nf3 Nc6 3.d4 exd4 4.Nxd4 Qf6 5.Be3 Bc5 6.c3 Qg6 7.Nd2 Nge7 8.Qb3
b6 9.f4 O-O 10.Bd3 d5 11.O-O Bxd4 12.cxd4 dxe4 13.Bxe4 Bf5 14.Bf3 Be6 15.
Qc3 Bd5 16.Rac1 Rad8 17.Bxd5 Nxd5 18.Qxc6 Rd6 19.Qa4 Nxe3 20.Rf2 Ng4 21.
Re2 Qf6 22.Nf3 Qxf4 23.Rxc7 Nxh2 24.Nxh2 Rh6 25.Ng4 Qxg4 26.Rce7 Qh4 27.
Re8 Qh1+ 28.Kf2 Rf6+ 29.Ke3 Re6+ 30.Rxe6 fxe6 31.Qxa7 Qc1+ 32.Kd3 Qd1+ 33.
Ke3 e5 34.dxe5 Rd8 35.Qxb6 Qg1+ 36.Rf2 Qe1+ 37.Kf3 Rf8+ 38.Kg3 h5 39.Qe6+ 
Kh8 40.Qb6 h4+ 0-1

[Event "29th Rilton Cup"]
[Site "Stockholm SWE"]
[Date "2000.01.04"]
[Round "8"]
[White "Macieja, Bartlomiej"]
[Black "Westerinen, Heikki"]
[Result "1-0"]
[WhiteElo "2542"]
[BlackElo "2382"]
[EventDate "1999.12.27"]
[PlyCount "105"]

1.e4 e6 2.d4 d5 3.Nc3 dxe4 4.Nxe4 Bd7 5.Nf3 Bc6 6.Bd3 Nd7 7.Qe2 Ngf6 8.
Nxf6+ Nxf6 9.Bb5 Qd5 10.a4 Be7 11.c4 Qd6 12.c5 Qd5 13.Bf4 a6 14.Bd3 Qd8 
15.O-O O-O 16.Rfd1 Bxf3 17.Qxf3 c6 18.Be5 g6 19.b4 Nd7 20.Bg3 Bf6 21.Be4 
Bg7 22.Rab1 Nf6 23.Bh4 h6 24.Bc2 Qd5 25.Qe3 Qh5 26.Bg3 Nd5 27.Qb3 Rfd8 28.
Be4 Qg5 29.h4 Qf6 30.h5 Nf4 31.hxg6 Ne2+ 32.Kh2 fxg6 33.Rd3 Nxd4 34.Qc4 
Kh8 35.Re1 e5 36.Bf3 Qf5 37.Rde3 Nxf3+ 38.Rxf3 Qh5+ 39.Kg1 Rf8 40.Rf7 Rxf7
41.Qxf7 Rd8 42.Qxb7 Rd1 43.f3 Rxe1+ 44.Bxe1 e4 45.Qxc6 exf3 46.Qxf3 Qe5 
47.Bc3 Qxc3 48.Qxc3 Bxc3 49.c6 Be5 50.Kf1 Kg7 51.b5 axb5 52.a5 b4 53.Ke2 
1-0

[Event "29th Rilton Cup"]
[Site "Stockholm SWE"]
[Date "2000.01.04"]
[Round "8"]
[White "Kallio, Heikki"]
[Black "Brynell, Stellan"]
[Result "1/2-1/2"]
[WhiteElo "2360"]
[BlackElo "2488"]
[EventDate "1999.12.27"]
[PlyCount "33"]

1.e4 e6 2.d4 d5 3.Nd2 c5 4.Ngf3 Nf6 5.exd5 exd5 6.Bb5+ Bd7 7.Bxd7+ Nbxd7 
8.dxc5 Bxc5 9.O-O O-O 10.Nb3 Bb6 11.Re1 Re8 12.Nbd4 Re4 13.c3 Qc7 14.h3 
Ne5 15.Nxe5 Qxe5 16.Be3 Re8 17.Nf3 1/2-1/2

[Event "29th Rilton Cup"]
[Site "Stockholm SWE"]
[Date "2000.01.04"]
[Round "8"]
[White "Evertsson, Lennart"]
[Black "Socko, Monika"]
[Result "0-1"]
[WhiteElo "2154"]
[BlackElo "2438"]
[EventDate "1999.12.27"]
[PlyCount "48"]

1.d4 Nf6 2.c4 g6 3.Nc3 Bg7 4.Bg5 d6 5.e4 h6 6.Bf4 c6 7.Be2 Qa5 8.Qd2 e5 9.
Be3 O-O 10.h4 exd4 11.Bxd4 Nxe4 12.Nxe4 Qxd2+ 13.Nxd2 Bxd4 14.Rd1 Bxb2 15.
g4 d5 16.Rh3 Nd7 17.Rb3 Bg7 18.cxd5 cxd5 19.Bf3 Nc5 20.Rb5 b6 21.Bxd5 Ba6 
22.Rxc5 Rae8+ 23.Ne4 bxc5 24.g5 Bc3+ 0-1

[Event "29th Rilton Cup"]
[Site "Stockholm SWE"]
[Date "2000.01.04"]
[Round "8"]
[White "Volzhin, Alexander"]
[Black "Hermansson, Emil"]
[Result "1-0"]
[WhiteElo "2562"]
[BlackElo "2314"]
[EventDate "1999.12.27"]
[PlyCount "61"]

1.d4 Nf6 2.c4 g6 3.Nc3 Bg7 4.e4 d6 5.h3 O-O 6.Bg5 c6 7.Nf3 e5 8.d5 Na6 9.
Nd2 cxd5 10.cxd5 h6 11.Be3 Ne8 12.Bxa6 bxa6 13.O-O f5 14.exf5 Bxf5 15.Nde4
Qh4 16.Ng3 Nf6 17.Qe2 e4 18.Bd4 Rae8 19.Rfe1 Rf7 20.Bxf6 Bxf6 21.Ncxe4 
Bxe4 22.Nxe4 Kg7 23.g3 Qxh3 24.Qd2 Rb7 25.Nxd6 Rxe1+ 26.Rxe1 Rxb2 27.Ne8+ 
Kf7 28.Qf4 Rb6 29.Qc7+ Kg8 30.d6 Bd4 31.Nf6+ 1-0

[Event "29th Rilton Cup"]
[Site "Stockholm SWE"]
[Date "2000.01.04"]
[Round "8"]
[White "Sax, Gyula"]
[Black "Aengskog, Kent"]
[Result "1-0"]
[WhiteElo "2588"]
[BlackElo "2247"]
[EventDate "1999.12.27"]
[PlyCount "57"]

1.e4 g6 2.d4 Bg7 3.Nc3 d6 4.f4 a6 5.Nf3 b5 6.Bd3 Bb7 7.O-O Nd7 8.e5 e6 9.
Ne4 Bxe4 10.Bxe4 d5 11.Bd3 c5 12.c3 Ne7 13.g4 cxd4 14.cxd4 Qb6 15.Kg2 h5 
16.h3 hxg4 17.hxg4 Rc8 18.a4 f5 19.exf6 Nxf6 20.axb5 axb5 21.Qe2 Nxg4 22.
Ra6 Qxa6 23.Bxb5+ Qxb5 24.Qxb5+ Kf8 25.Bd2 Rc2 26.Qb8+ Rc8 27.Qd6 Rc6 28.
Qd8+ Kf7 29.Ne5+ 1-0

[Event "29th Rilton Cup"]
[Site "Stockholm SWE"]
[Date "2000.01.04"]
[Round "8"]
[White "Lehtinen, Heikki"]
[Black "Agrest, Evgenij"]
[Result "0-1"]
[WhiteElo "2224"]
[BlackElo "2554"]
[EventDate "1999.12.27"]
[PlyCount "100"]

1.g3 g6 2.Bg2 Bg7 3.c4 f5 4.Nc3 Nf6 5.e3 O-O 6.Nge2 d6 7.O-O c6 8.Rb1 e5 
9.d3 a5 10.a3 Be6 11.b4 axb4 12.axb4 d5 13.d4 e4 14.cxd5 cxd5 15.b5 g5 16.
Qb3 Rf7 17.Bd2 Nbd7 18.Na4 b6 19.Rfc1 Nb8 20.Rc2 Rfa7 21.Ra2 Qe8 22.Rba1 
Nbd7 23.Nac3 Rxa2 24.Rxa2 Rc8 25.Ra6 Qh5 26.Qd1 Ne8 27.Qf1 Nd6 28.Nc1 Nc4 
29.Qe1 f4 30.exf4 Bxd4 31.N3e2 Bc5 32.Nb3 Bh3 33.Ned4 Bxg2 34.Kxg2 Nxd2 
35.Qxd2 gxf4 36.Qxf4 Rf8 37.Qc7 Qf7 38.Ra2 Bb4 39.Qc6 Nc5 40.Qxb6 Nxb3 41.
Nxb3 Qf3+ 42.Kg1 Qd1+ 43.Kg2 Qxb3 44.Qe6+ Rf7 45.Ra8+ Bf8 46.Rxf8+ Kxf8 
47.Qd6+ Kg7 48.Qe5+ Rf6 49.Qg5+ Kf7 50.Qh5+ Kf8 0-1

[Event "29th Rilton Cup"]
[Site "Stockholm SWE"]
[Date "2000.01.04"]
[Round "8"]
[White "Hillarp Persson, Tiger"]
[Black "Burwick, Malte"]
[Result "1-0"]
[WhiteElo "2507"]
[BlackElo "2235"]
[EventDate "1999.12.27"]
[PlyCount "81"]

1.d4 Nf6 2.c4 e6 3.Nf3 Bb4+ 4.Bd2 Qe7 5.g3 Nc6 6.Bg2 Bxd2+ 7.Nbxd2 d6 8.
O-O O-O 9.e4 e5 10.d5 Nb8 11.Ne1 a5 12.Nd3 Nfd7 13.f4 Na6 14.f5 f6 15.h4 
Ndc5 16.Nf2 Bd7 17.Kh2 b5 18.Rg1 Na4 19.b3 Nb6 20.cxb5 Bxb5 21.a4 Be8 22.
Bf1 Nc5 23.Nc4 Nxc4 24.Bxc4 Rb8 25.g4 Bd7 26.Nd3 Nxd3 27.Qxd3 Rb4 28.Rg3 
Kh8 29.Rag1 Qe8 30.Qe2 g5 31.hxg5 fxg5 32.Rh3 Kg7 33.Rh1 h6 34.Kg2 Rh8 35.
Qe3 Qe7 36.Qa7 Bxa4 37.Qxa5 Rxc4 38.bxc4 Bc2 39.Qe1 Ba4 40.Qf2 Qf6 41.Qa7 
1-0

[Event "29th Rilton Cup"]
[Site "Stockholm SWE"]
[Date "2000.01.04"]
[Round "8"]
[White "Cramling, Pia"]
[Black "Loegdahl, Harald"]
[Result "1-0"]
[WhiteElo "2504"]
[BlackElo "2226"]
[EventDate "1999.12.27"]
[PlyCount "84"]

1.d4 f5 2.g3 Nf6 3.Bg2 g6 4.Nf3 Bg7 5.O-O O-O 6.b3 d6 7.Bb2 Ne4 8.c4 Nc6 
9.Nc3 Nxc3 10.Bxc3 e5 11.dxe5 dxe5 12.Qd5+ Kh8 13.Qxd8 Rxd8 14.Ng5 Re8 15.
Bxc6 bxc6 16.Rfd1 e4 17.Bxg7+ Kxg7 18.f4 h6 19.Nh3 a5 20.Kf2 a4 21.Ke3 Be6
22.Kd4 Ra5 23.b4 c5+ 24.bxc5 Rd8+ 25.Kc3 Rxd1 26.Rxd1 Rxc5 27.Rd4 Ra5 28.
Nf2 Kf6 29.Nd1 g5 30.Rd8 gxf4 31.gxf4 c5 32.Ne3 Ra7 33.Rh8 Kg6 34.Rb8 Kh5 
35.Rb6 Re7 36.Rc6 Kh4 37.Rxc5 Rf7 38.Re5 Bd7 39.c5 Kh3 40.c6 Bxc6 41.Re6 
h5 42.Rxc6 h4 1-0

[Event "29th Rilton Cup"]
[Site "Stockholm SWE"]
[Date "2000.01.04"]
[Round "8"]
[White "Handke, Harald"]
[Black "Brustman, Agnieszka"]
[Result "0-1"]
[WhiteElo "2170"]
[BlackElo "2383"]
[EventDate "1999.12.27"]
[PlyCount "70"]

1.d4 Nf6 2.c4 g6 3.Nc3 Bg7 4.e4 d6 5.Nf3 O-O 6.h3 e5 7.d5 a5 8.Bg5 h6 9.
Be3 Na6 10.g4 Nc5 11.Nd2 c6 12.Rg1 Bd7 13.Be2 a4 14.Qc2 Qa5 15.Rg3 cxd5 
16.cxd5 b5 17.Bxc5 dxc5 18.Kf1 Ne8 19.Kg2 Nd6 20.Rg1 Bf6 21.Nf3 Rfc8 22.g5
hxg5 23.Nxg5 b4 24.Nd1 c4 25.Bf3 b3 26.axb3 cxb3 27.Qb1 Qd2 28.Ne3 Nc4 29.
Nf1 Qxb2 30.Qd3 Qc2 31.Be2 Qxd3 32.Bxd3 Bxg5 33.Rxg5 a3 34.Bxc4 Rxc4 35.
Nd2 Rc3 0-1

[Event "29th Rilton Cup"]
[Site "Stockholm SWE"]
[Date "2000.01.04"]
[Round "8"]
[White "Nyysti, Sampsa"]
[Black "Sjoeberg, Mats"]
[Result "1-0"]
[WhiteElo "2152"]
[BlackElo "2348"]
[EventDate "1999.12.27"]
[PlyCount "73"]

1.e4 c5 2.Nf3 e6 3.d3 d5 4.Qe2 Be7 5.g3 Nf6 6.Bg2 Nc6 7.O-O b6 8.e5 Nd7 9.
c4 d4 10.Re1 Bb7 11.h4 Qc7 12.Bf4 h6 13.h5 Nf8 14.Nh2 g5 15.Bd2 Nd7 16.Ng4
Bf8 17.Na3 a6 18.Nc2 Bg7 19.f4 gxf4 20.Bxf4 O-O-O 21.Rab1 Nb4 22.a3 Nxc2 
23.Qxc2 Rdg8 24.Qe2 Bf8 25.b4 Bxg2 26.Kxg2 Kb7 27.b5 axb5 28.Rxb5 Qc6+ 29.
Kh3 Be7 30.a4 Bg5 31.a5 Ra8 32.Reb1 Ra6 33.Bxg5 hxg5 34.Nf6 Ka7 35.Nxd7 
Qxd7 36.axb6+ Kb8 37.Rxc5 1-0

[Event "29th Rilton Cup"]
[Site "Stockholm SWE"]
[Date "2000.01.04"]
[Round "8"]
[White "Ohlzon, Nils-Johan"]
[Black "Bartel, Mateusz"]
[Result "1/2-1/2"]
[WhiteElo "2114"]
[BlackElo "2343"]
[EventDate "1999.12.27"]
[PlyCount "104"]

1.e4 e6 2.d4 d5 3.Nc3 Bb4 4.exd5 exd5 5.Bd3 Nc6 6.a3 Bxc3+ 7.bxc3 Nge7 8.
Qf3 Be6 9.Ne2 Qd7 10.O-O h5 11.a4 Na5 12.Re1 O-O-O 13.Ba3 Nec6 14.Bb5 a6 
15.Bb4 Bg4 16.Qf4 axb5 17.axb5 b6 18.bxc6 Nxc6 19.Nc1 Bf5 20.Qd2 Rhe8 21.
Nd3 Rxe1+ 22.Rxe1 Re8 23.Ra1 g6 24.Ne5 Nxe5 25.Qe2 Nf3+ 26.Qxf3 Qa4 27.Qd1
Qxc2 28.Qxc2 Bxc2 29.Ra8+ Kd7 30.Rxe8 Kxe8 31.f3 Kd7 32.Kf2 Kc6 33.Ke3 Kb5
34.Kd2 Bf5 35.Be7 c5 36.dxc5 bxc5 37.Bf6 Kc4 38.Bg7 h4 39.g3 h3 40.Bf6 Bd3
41.Ke3 Bf5 42.f4 Kb3 43.Kd2 Be6 44.Be5 Kc4 45.Ke3 Kb5 46.Bg7 Kc6 47.Bf8 
Bf5 48.Bg7 Bb1 49.Bf8 d4+ 50.cxd4 c4 51.d5+ Kxd5 52.Bg7 Ke6 1/2-1/2

[Event "29th Rilton Cup"]
[Site "Stockholm SWE"]
[Date "2000.01.04"]
[Round "8"]
[White "Celander, Jesper"]
[Black "Von Bahr, Oskar"]
[Result "1/2-1/2"]
[WhiteElo "2068"]
[BlackElo "2240"]
[EventDate "1999.12.27"]
[PlyCount "50"]

1.d4 Nf6 2.Bg5 e6 3.e3 c5 4.Nd2 b6 5.Ngf3 Bb7 6.Bd3 Be7 7.O-O Nc6 8.c4 
cxd4 9.exd4 d5 10.Bxf6 Bxf6 11.cxd5 Qxd5 12.Be4 Qd7 13.Qc2 Rc8 14.d5 Nd4 
15.dxe6 Nxf3+ 16.Nxf3 fxe6 17.Qe2 Bxe4 18.Qxe4 Bxb2 19.Rad1 Qc6 20.Qf4 Bf6
21.Rc1 Qb7 22.Rxc8+ Qxc8 23.Rc1 Qd7 24.Qb4 Kf7 25.Qf4 Kg6 1/2-1/2

[Event "29th Rilton Cup"]
[Site "Stockholm SWE"]
[Date "2000.01.04"]
[Round "8"]
[White "Olsson, Anders"]
[Black "Wedberg, Tom"]
[Result "1/2-1/2"]
[WhiteElo "2206"]
[BlackElo "2487"]
[EventDate "1999.12.27"]
[PlyCount "84"]

1.e4 e5 2.Nf3 Nc6 3.Bc4 Nf6 4.d3 Bc5 5.O-O a6 6.c3 d6 7.Be3 O-O 8.Nbd2 
Bxe3 9.fxe3 Na5 10.Bb3 Nxb3 11.axb3 c5 12.Qe1 Nh5 13.d4 cxd4 14.exd4 exd4 
15.Nxd4 Nf6 16.Qg3 Re8 17.Rf3 Ng4 18.Raf1 Ne5 19.R3f2 Rf8 20.Nc4 Nxc4 21.
bxc4 Qe7 22.Qf4 Qe5 23.Rd1 Qc5 24.b3 b5 25.Nf3 Bb7 26.Qxd6 Qxd6 27.Rxd6 
bxc4 28.bxc4 Bxe4 29.Ne5 a5 30.c5 a4 31.Rd4 a3 32.Ra2 Bb1 33.Ra1 a2 34.Nc4
Rab8 35.Nd2 Rfc8 36.Rb4 g6 37.Nxb1 axb1=Q+ 38.Raxb1 Ra8 39.Rb5 Ra3 40.R5b3
Rxb3 41.Rxb3 Rxc5 42.Kf2 Kf8 1/2-1/2

[Event "29th Rilton Cup"]
[Site "Stockholm SWE"]
[Date "2000.01.04"]
[Round "8"]
[White "Gratka, Krzysztof"]
[Black "Bergqvist, Mats"]
[Result "1/2-1/2"]
[WhiteElo "2373"]
[BlackElo "2184"]
[EventDate "1999.12.27"]
[PlyCount "80"]

1.c4 c5 2.g3 Nf6 3.Bg2 Nc6 4.Nc3 d6 5.Nf3 g6 6.O-O Bg7 7.d3 O-O 8.a3 d5 9.
cxd5 Nxd5 10.Nxd5 Qxd5 11.Rb1 Rd8 12.b4 cxb4 13.axb4 Qh5 14.Re1 Bh3 15.Bh1
Qb5 16.Ng5 Bg4 17.Qb3 e6 18.Be3 Nd4 19.Bxd4 Bxd4 20.Ne4 Rac8 21.e3 Bg7 22.
d4 Bf5 23.Ra1 e5 24.Ng5 Qc4 25.Qxc4 Rxc4 26.dxe5 Rxb4 27.Rxa7 h6 28.Nf3 
Be4 29.Bg2 Re8 30.Rc1 Bxe5 31.Nxe5 Rxe5 32.Bxe4 Rexe4 33.Rc7 Rb1+ 34.Kg2 
Reb4 35.h3 Rb6 36.g4 Kg7 37.h4 R1b4 38.Kh3 Rb1 39.Kg2 R1b4 40.Kg3 Rb1 
1/2-1/2

[Event "29th Rilton Cup"]
[Site "Stockholm SWE"]
[Date "2000.01.04"]
[Round "8"]
[White "Handke, Florian"]
[Black "Carlsson, Pontus"]
[Result "1/2-1/2"]
[WhiteElo "2361"]
[BlackElo "2186"]
[EventDate "1999.12.27"]
[PlyCount "108"]

1.d4 e6 2.c4 f5 3.Nc3 Nf6 4.Nf3 Bb4 5.Qc2 O-O 6.a3 Bxc3+ 7.Qxc3 b6 8.b3 
Bb7 9.Bb2 d6 10.e3 Ne4 11.Qc2 Nd7 12.Bd3 Rc8 13.O-O c5 14.Nd2 d5 15.f3 Nd6
16.Qd1 Qe7 17.Qe2 e5 18.cxd5 exd4 19.exd4 Qxe2 20.Bxe2 Bxd5 21.Rac1 Rfe8 
22.Kf2 f4 23.dxc5 bxc5 24.Rfd1 Rb8 25.Ba1 Nf5 26.Ne4 Ne3 27.Rd3 Ne5 28.
Rdc3 Bxe4 29.fxe4 N5g4+ 30.Bxg4 Nxg4+ 31.Kf3 Nf6 32.Re1 g5 33.Rd3 Kf7 34.
e5 Ng8 35.h4 h6 36.Kg4 gxh4 37.Rf1 Ne7 38.Rxf4+ Kg8 39.Kh5 Rb6 40.Rxh4 Rf8
41.Rg4+ Kf7 42.Rf4+ Ke8 43.Rf6 Rg8 44.e6 c4 45.bxc4 Rb1 46.Bc3 Rh1+ 47.Rh3
Rxh3+ 48.gxh3 Rg5+ 49.Kxh6 Rg3 50.Rf7 Rxc3 51.Kg7 Rg3+ 52.Kf6 Rf3+ 53.Kg7 
Rg3+ 54.Kf6 Rf3+ 1/2-1/2

[Event "29th Rilton Cup"]
[Site "Stockholm SWE"]
[Date "2000.01.05"]
[Round "9.1"]
[White "Galkin, Alexander"]
[Black "Ivanov, Sergei"]
[Result "1/2-1/2"]
[WhiteElo "2535"]
[BlackElo "2538"]
[EventDate "1999.12.27"]
[PlyCount "37"]

1.e4 e6 2.d4 d5 3.Nc3 Bb4 4.e5 c5 5.a3 Bxc3+ 6.bxc3 Ne7 7.Nf3 b6 8.a4 Qc7 
9.Bb5+ Bd7 10.Bd3 Nbc6 11.O-O h6 12.Re1 O-O 13.Bf4 Ng6 14.Bg3 cxd4 15.Nxd4
Na5 16.Qg4 Qc6 17.c4 Qxc4 18.Ne2 Qc7 19.Bxg6 1/2-1/2

[Event "29th Rilton Cup"]
[Site "Stockholm SWE"]
[Date "2000.01.05"]
[Round "9.3"]
[White "Gleizerov, Evgeny"]
[Black "Hector, Jonny"]
[Result "1-0"]
[WhiteElo "2520"]
[BlackElo "2505"]
[EventDate "1999.12.27"]
[PlyCount "83"]

1.d4 d5 2.c4 c6 3.Nf3 Nf6 4.Nc3 dxc4 5.a4 Bf5 6.e3 e6 7.Bxc4 Bb4 8.O-O 
Nbd7 9.Nh4 Bg6 10.Qb3 a5 11.g3 Qb6 12.Nxg6 hxg6 13.Rd1 O-O-O 14.Bf1 Rh5 
15.Bg2 Rdh8 16.h3 g5 17.e4 g4 18.h4 Nh7 19.Be3 Be7 20.Qxb6 Nxb6 21.f4 Nc4 
22.Bc1 Bb4 23.Na2 Be7 24.b3 Na3 25.Rd2 b5 26.Bxa3 Bxa3 27.Rc2 Kd7 28.e5 
Rc8 29.Nc1 b4 30.Nd3 Nf8 31.Nc5+ Kc7 32.Ne4 Kd7 33.Nd6 Rc7 34.Nxf7 Ng6 35.
Bf1 Ne7 36.Be2 Nf5 37.Bxg4 Ne3 38.Bxh5 Nxc2 39.Rd1 c5 40.dxc5+ Ke7 41.Rd6 
Rxc5 42.Nd8 1-0

[Event "29th Rilton Cup"]
[Site "Stockholm SWE"]
[Date "2000.01.05"]
[Round "9.4"]
[White "Yakovich, Yury"]
[Black "Meijers, Viesturs"]
[Result "1/2-1/2"]
[WhiteElo "2592"]
[BlackElo "2472"]
[EventDate "1999.12.27"]
[PlyCount "102"]

1.d4 d5 2.c4 e6 3.Nc3 Nf6 4.cxd5 exd5 5.Bg5 Be7 6.e3 O-O 7.Bd3 Nbd7 8.Qc2 
b6 9.Nf3 Bb7 10.h4 c5 11.O-O-O c4 12.Bf5 a6 13.Bxf6 Nxf6 14.g4 g6 15.g5 
Nh5 16.Bg4 b5 17.Bxh5 gxh5 18.Ne5 b4 19.Na4 Bd6 20.f4 Rb8 21.Rhg1 Bxe5 22.
fxe5 Bc8 23.Nc5 b3 24.axb3 cxb3 25.Nxb3 Bf5 26.Qxf5 Rxb3 27.Rd3 Qc8+ 28.
Qxc8 Rxc8+ 29.Rc3 Rcxc3+ 30.bxc3 Rxc3+ 31.Kd2 Ra3 32.Rc1 Kg7 33.Rc5 Ra2+ 
34.Kd3 Rh2 35.Rxd5 Rxh4 36.Rd7 Kf8 37.Ra7 Rg4 38.Rxa6 Rxg5 39.e6 h4 40.
exf7 Rh5 41.Ra2 h3 42.Rh2 Kxf7 43.Ke4 Rh4+ 44.Kf3 Ke6 45.Kg3 Re4 46.Re2 
Kd5 47.Kxh3 Re6 48.Kg2 Ke4 49.Kf1 Ra6 50.Kf2 Rf6+ 51.Ke1 Ra6 1/2-1/2

[Event "29th Rilton Cup"]
[Site "Stockholm SWE"]
[Date "2000.01.05"]
[Round "9.5"]
[White "Kempinski, Robert"]
[Black "Nataf, Igor-Alexandre"]
[Result "1/2-1/2"]
[WhiteElo "2549"]
[BlackElo "2504"]
[EventDate "1999.12.27"]
[PlyCount "42"]

1.d4 Nf6 2.c4 g6 3.Nf3 d5 4.Nc3 Bg7 5.Qb3 dxc4 6.Qxc4 O-O 7.e4 Na6 8.Be3 
c5 9.dxc5 Ng4 10.Bd2 Be6 11.Qb5 Bd7 12.Qxb7 Nxc5 13.Qb4 Qb6 14.Qxb6 axb6 
15.Be2 Bc6 16.Ng5 Ne5 17.O-O h6 18.Nf3 Nxe4 19.Nxe5 Bxe5 20.Nxe4 Bxe4 21.
Rae1 Rfd8 1/2-1/2

[Event "29th Rilton Cup"]
[Site "Stockholm SWE"]
[Date "2000.01.05"]
[Round "9.6"]
[White "Aakesson, Ralf"]
[Black "Socko, Bartosz"]
[Result "1/2-1/2"]
[WhiteElo "2535"]
[BlackElo "2543"]
[EventDate "1999.12.27"]
[PlyCount "101"]

1.d4 Nf6 2.c4 g6 3.Nc3 Bg7 4.e4 d6 5.h3 O-O 6.Bg5 Na6 7.Nf3 c6 8.Bd3 Qc7 
9.Qd2 e5 10.O-O exd4 11.Nxd4 Nc5 12.Bc2 Ne6 13.Be3 Nxd4 14.Bxd4 Be6 15.Bd3
a6 16.f4 b5 17.cxb5 axb5 18.f5 Bd7 19.Rf2 b4 20.fxg6 fxg6 21.Raf1 Qd8 22.
Bc4+ Kh8 23.Bxf6 Rxf6 24.Rxf6 Bxf6 25.Qxd6 Bf5 26.Qxd8+ Rxd8 27.Ne2 Bd4+ 
28.Kh1 Bxe4 29.Rf4 Be5 30.Rxe4 Rd1+ 31.Ng1 Bd4 32.Rxd4 Rxd4 33.b3 Kg7 34.
Nf3 Rd1+ 35.Kh2 Kf6 36.g4 g5 37.Kg3 c5 38.Kf2 h6 39.Be2 Ra1 40.Nd2 Rxa2 
41.Ne4+ Ke5 42.Nxc5 Kd4 43.Na4 Ra3 44.Bd1 Ra2+ 45.Be2 Ra3 46.Bd1 Ra1 47.
Be2 Ra2 48.Kf3 Ra3 49.Bd1 Ra1 50.Be2 Ra3 51.Bd1 1/2-1/2

[Event "29th Rilton Cup"]
[Site "Stockholm SWE"]
[Date "2000.01.05"]
[Round "9.7"]
[White "Socko, Monika"]
[Black "Macieja, Bartlomiej"]
[Result "0-1"]
[WhiteElo "2438"]
[BlackElo "2542"]
[EventDate "1999.12.27"]
[PlyCount "82"]

1.g3 c5 2.Bg2 g6 3.c4 Bg7 4.Nc3 Nc6 5.Nf3 e6 6.O-O Nge7 7.e4 O-O 8.d3 d6 
9.Be3 Nd4 10.Qd2 Rb8 11.Bh6 Bd7 12.Rab1 Nec6 13.Bxg7 Kxg7 14.Ne1 b5 15.f4 
Qa5 16.f5 f6 17.cxb5 Nxb5 18.Rd1 Ncd4 19.fxe6 Bxe6 20.Rf2 Rf7 21.h4 h5 22.
Kh2 a6 23.Bh3 Nc7 24.Ng2 Rbf8 25.Bxe6 Ncxe6 26.Rdf1 Nc6 27.Nf4 Ned4 28.g4 
hxg4 29.h5 Rh8 30.Kg3 gxh5 31.Rh1 c4 32.Nfd5 Nf3 33.Rxf3 gxf3 34.Kxf3 Ne5+
35.Ke3 cxd3 36.Rg1+ Kf8 37.Kf4 Qd8 38.Ne3 h4 39.Nf5 h3 40.Nd5 h2 41.Rh1 
Rh3 0-1

[Event "29th Rilton Cup"]
[Site "Stockholm SWE"]
[Date "2000.01.05"]
[Round "9.9"]
[White "Brynell, Stellan"]
[Black "Radziewicz, Iweta"]
[Result "1-0"]
[WhiteElo "2488"]
[BlackElo "2395"]
[EventDate "1999.12.27"]
[PlyCount "87"]

1.e4 e6 2.d4 d5 3.Nd2 Nf6 4.e5 Nfd7 5.c3 b6 6.Nh3 c5 7.Nf4 cxd4 8.cxd4 Ba6
9.Bxa6 Nxa6 10.O-O Nb4 11.Nf3 Be7 12.Bd2 Rc8 13.Bxb4 Bxb4 14.Qa4 a5 15.
Rac1 O-O 16.Nd3 Be7 17.Nd2 Rc7 18.Qb5 Ra7 19.a4 Nb8 20.Rc2 Qd7 21.Qxb6 
Qxa4 22.Rfc1 Qd7 23.Rc7 Rxc7 24.Rxc7 Qd8 25.Qb7 Bb4 26.Nxb4 axb4 27.Nb3 
Na6 28.Rd7 Qe8 29.g3 Nb8 30.Rc7 Qa4 31.Nc5 Qd1+ 32.Kg2 g5 33.Qxb4 h5 34.
Qc3 h4 35.Qe3 h3+ 36.Kxh3 Qf1+ 37.Kg4 Kh8 38.Qf3 Kg8 39.Kxg5 Qc1+ 40.Qf4 
Qc2 41.Kg4 Qd1+ 42.Kh4 Qg1 43.Nxe6 Qxh2+ 44.Kg4 1-0

[Event "29th Rilton Cup"]
[Site "Stockholm SWE"]
[Date "2000.01.05"]
[Round "9.11"]
[White "Volzhin, Alexander"]
[Black "Kallio, Heikki"]
[Result "1/2-1/2"]
[WhiteElo "2562"]
[BlackElo "2360"]
[EventDate "1999.12.27"]
[PlyCount "50"]

1.d4 Nf6 2.c4 c5 3.Nf3 cxd4 4.Nxd4 e5 5.Nb5 d5 6.cxd5 Bc5 7.N5c3 O-O 8.e3 
e4 9.Nd2 Bf5 10.a3 a5 11.Be2 Re8 12.Nb3 Bd6 13.Nd4 Bg6 14.Ndb5 Be5 15.O-O 
Na6 16.d6 Rc8 17.f4 exf3 18.gxf3 Rc6 19.e4 Nc5 20.Be3 Nfxe4 21.fxe4 Nxe4 
22.Bf3 Bxh2+ 23.Kxh2 Qh4+ 24.Kg1 Qg3+ 25.Kh1 Qh3+ 1/2-1/2